000 00532nam a2200181Ia 4500
003 GCL
008 140319s9999 xx 000 0 ara d
040 _aGCL /
_cGCL
082 0 4 _a811.008
_bم ش
100 1 _aمحمد كامل حسين
245 1 0 _aالشعر العربى والذوق المعاصر /
_cمحمد كامل حسين
300 _a159 ص
490 _a
650 0 4 _aالشعر العربى
650 0 4 _aالشعر العربى - دواوين وقصائد
650 0 4 _aالمجموعات
942 _2ddc
_cBK
999 _c38459
_d38459